=LDR 00000nam 2200000 4500 =001 INLIS000000000005549 =005 20130612093805 =008 ***********************************Ind** =035 ##$$0010-061300000005549 =041 ##$$a Ind =082 ##$$a 133.54 =090 ##$$a 133.54, Rei-r =100 ##$$a Reid, Lori =245 ##$$a Rahasia horoskop Cina, Lori Reid =260 ##$$a 1994 $b Jakarta =300 ##$$a 103 hlm., Ilus., 1994 =650 ##$$a Horoskop - Cina =700 ##$$a Suyanto, A